000 01364ngm a2200229 a 4500
005 20210223125538.0
008 041124s1994 mx 122 d daspa d
035 _aUPN01000136531
049 _aAV
050 4 _aPVI PN 1279
245 0 0 _aEntrevista con el vampiro /
_cdir. Neil Jordan ; producida por Stephen Woolley y David Geffen.
260 _aEstados Unidos :
_bGeffen Pictures,
_c1994.
300 _a1 videocasete (VHS) (122 min.) :
_bson., col.
500 _aSubtítulos en español
511 1 _aReparto: Tom Cruise, Brad Pitt, Christian Slater, Antonio Banderas, Stephen Rea, Kirsten Dunst, Domiziana Giordano, Sara Stockbridge, Thandie Newton
520 _aSinopsis: Lestat es un vampiro de aspecto juvenil, que a lo largo de los tiempos va sumando víctimas. A algunas de éstas, las que son de su agrado, les concede el don de la inmortalidad. Así a finales del siglo XVIII, se cruza en su camino Louis de Pointe du Lac, un hombre atormentado por las muertes de su esposa e hija. Doscientos años depués, en San Francisco, Louis relata a un periodista cómo llegó a convertirse en un vampiro
534 _pTraducción de:
_tInterview with the vampire
650 4 _aPELICULAS CINEMATOGRAFICAS DE VAMPIROS
_918362
650 4 _aPELICULAS CINEMATOGRAFICAS DE TERROR
_918291
700 1 _aJordan, Neil,
_d1945- ,
_edir.
905 _aAudiovisuales
999 _c108682
_d108682